| 000 | 00472nam a2200157 4500 | ||
|---|---|---|---|
| 001 | 109483 | ||
| 003 | ES-MaACL | ||
| 005 | 20230906184842.0 | ||
| 007 | t| | ||
| 008 | 061121s1962 sp r ||||1| spa d | ||
| 100 | 1 |
_aMitchell, William L. _981687 |
|
| 245 | 1 | 4 |
_aLos Seguros Sociales en los Estados Unidos / _cpor William L. Mitchell. |
| 260 |
_aMadrid : _bCasa Americana, _c[1962?] |
||
| 300 |
_a32 p. : _bil, apais. ; _c18 cm. |
||
| 852 |
_aES-MaACL _j2034-F-5 _bR.51595 |
||
| 999 |
_c109483 _d109483 |
||